Determinación de algunas características psicológicas en comedoras compulsivas : (Registro nro. 129573)

Detalles MARC
000 -LEADER
campo de control de longitud fija 02902nab a2200457 i 4500
001 - NÚMERO DE CONTROL
campo de control 129573
003 - IDENTIFICADOR DE NÚMERO DE CONTROL
campo de control FINmELB
005 - FECHA Y HORA DE LA ÚLTIMA TRANSACCIÓN
campo de control 20241217180206.0
006 - CÓDIGOS DE INFORMACIÓN DE LONGITUD FIJA--CARACTERÍSTICAS DEL MATERIAL ADICIONAL
campo de control de longitud fija m o u
007 - CAMPO FIJO DE DESCRIPCIÓN FÍSICA--INFORMACIÓN GENERAL
campo de control de longitud fija cr cn|||||||||
008 - DATOS DE LONGITUD FIJA--INFORMACIÓN GENERAL
campo de control de longitud fija 230522c20039999mx fr p o 0 0spa d
022 ## - NÚMERO INTERNACIONAL NORMALIZADO PARA PUBLICACIONES SERIADAS
Número Internacional Normalizado para Publicaciones Seriadas 1405-5082
035 ## - NÚMERO DE CONTROL DEL SISTEMA
Número de control de sistema (OCoLC)1385418517
040 ## - FUENTE DE CATALOGACIÓN
Centro catalogador/agencia de origen FINmELB
Lengua de catalogación spa
Normas de descripción rda
Centro/agencia transcriptor FINmELB
050 #4 - SIGNATURA TOPOGRÁFICA DE LA BIBLIOTECA DEL CONGRESO
Número de clasificación HM251
Número de ítem .L338 2003
080 ## - NÚMERO DE LA CLASIFICACIÓN DECIMAL UNIVERSAL
Número de la Clasificación Decimal Universal 316.6
082 04 - NÚMERO DE LA CLASIFICACIÓN DECIMAL DEWEY
Número de clasificación 301.15
Información de edición 23
100 1# - ENTRADA PRINCIPAL--NOMBRE DE PERSONA
Nombre de persona López Aguilar, Xóchitl,
Término indicativo de función/relación autor.
245 10 - MENCIÓN DEL TÍTULO
Título Determinación de algunas características psicológicas en comedoras compulsivas :
Resto del título un estudio exploratorio /
Mención de responsabilidad, etc. Xóchitl López Aguilar, Juan Manuel Mancilla Díaz, Georgina Alvarez Rayón, Rosalía Vázquez Arévalo.
264 #1 - PRODUCCIÓN, PUBLICACIÓN, DISTRIBUCIÓN, FABRICACIÓN Y COPYRIGHT
Producción, publicación, distribución, fabricación y copyright Distrito Federal, México :
Nombre del de productor, editor, distribuidor, fabricante Universidad Nacional Autónoma de México,
Fecha de producción, publicación, distribución, fabricación o copyright 2003.
310 ## - PERIODICIDAD ACTUAL
Periodicidad actual Semestral
336 ## - TIPO DE CONTENIDO
Término de tipo de contenido texto
Código de tipo de contenido txt
Fuente rdacontent/spa
337 ## - TIPO DE MEDIO
Nombre/término del tipo de medio computadora
Código del tipo de medio c
Fuente rdamedia/spa
338 ## - TIPO DE SOPORTE
Nombre/término del tipo de soporte recurso en línea
Código del tipo de soporte cr
Fuente rdacarrier/spa
520 ## - RESUMEN, ETC.
Sumario, etc. El presente trabajo tuvo por objetivo evaluar en un grupo de comedoras compulsivas anónimas algunos factores cognitivo- conductuales. sintomatología de bulimia. influencia de los modelos estético corporales y personalidad. La muestra estuvo constituida por mujeres que acudían a un grupo de comedoras compulsivas (n=23) y de mujeres de una muestra comunitaria (n:23)i La media de edad fue de 26 07 (DE: 6.26) años (rango de 18-38} Todos los sujetos contestaron el EDI, EAT-40. BULlT, ClMEC y 16 PF. Los resultados sugieren que las comedoras compulsivas presentan más insatisfacción corporal, iden- tificación de la interocepción y sentimientos de inefectividad, así como más sintomatología de bulimia. asimilación de modelos estético-corporales de delgadez y personalidad que se caracteriza por introversión, dependencia. frustración y poca moti- vación para tareas dificiles.
588 ## - NOTA DE FUENTE DE LA DESCRIPCIÓN
Nota de fuente de la descripción Descripción basada en Psicología y Ciencia Social, vol. 5, núm. 2 (2003), P. 34-40.
588 ## - NOTA DE FUENTE DE LA DESCRIPCIÓN
Nota de fuente de la descripción Descripción basada en metadatos suministrados por el editor y otras fuentes.
590 ## - NOTA LOCAL (RLIN)
Nota local Recurso electrónico. Santa Fe, Arg.: elibro, 2023. Disponible vía World Wide Web. El acceso puede estar limitado para las bibliotecas afiliadas a elibro.
650 #4 - PUNTO DE ACCESO ADICIONAL DE MATERIA--TÉRMINO DE MATERIA
Término de materia o nombre geográfico como elemento de entrada Comedores compulsivos.
650 #4 - PUNTO DE ACCESO ADICIONAL DE MATERIA--TÉRMINO DE MATERIA
Término de materia o nombre geográfico como elemento de entrada Efectos psicosociales.
650 #4 - PUNTO DE ACCESO ADICIONAL DE MATERIA--TÉRMINO DE MATERIA
Término de materia o nombre geográfico como elemento de entrada Insatisfacción corporal.
650 #4 - PUNTO DE ACCESO ADICIONAL DE MATERIA--TÉRMINO DE MATERIA
Término de materia o nombre geográfico como elemento de entrada Psicoanálisis.
650 #4 - PUNTO DE ACCESO ADICIONAL DE MATERIA--TÉRMINO DE MATERIA
Término de materia o nombre geográfico como elemento de entrada Trastornos de la alimentación.
655 #4 - TERMINO DE INDIZACIÓN--GENERO/FORMA
Datos o término principal de género/forma Artículos.
700 1# - ENTRADA AGREGADA--NOMBRE PERSONAL
Nombre de persona Mancilla Díaz, Juan Manuel,
Término indicativo de función/relación autor.
700 1# - ENTRADA AGREGADA--NOMBRE PERSONAL
Nombre de persona Alvarez Rayón, Georgina,
Término indicativo de función/relación autor.
700 1# - ENTRADA AGREGADA--NOMBRE PERSONAL
Nombre de persona Vázquez Arévalo, Rosalía,
Término indicativo de función/relación autor.
773 1# - ASIENTO DE ITEM FUENTE
Título Psicología y Ciencia Social.
Número Internacional Normalizado para Publicaciones Seriadas ISSN1405-5082
Lugar, editor y fecha de publicación Distrito Federal, México : Universidad Nacional Autónoma de México
Parte(s) relacionada(s) vol. 5, núm. 2 (2003), p. 34-40
797 2# - PUNTO DE ACCESO ADICIONAL LOCAL--NOMBRE DE ENTIDAD CORPORATIVA (RLIN)
Nombre de entidad corporativa o nombre de jurisdicción como elemento de entrada elibro, Corp.
856 40 - LOCALIZACIÓN Y ACCESO ELECTRÓNICOS
Identificador Uniforme de Recurso <a href="https://elibro.net/ereader/politecnicointernacional/19165">https://elibro.net/ereader/politecnicointernacional/19165</a>

No hay ítems disponibles.


Politécnico Internacional

Institución de Educación Superior
Vigilado Mineducación.
SNES 4727 +4135 DEL 11 de nov. de 2004

Sedes

Sede Norte - Av. Boyacá 138 - 70

Sede Sur - Autopista Sur No 67 - 71

Sede Av Chile - Calle 73 Nº 10-45

Información Legal

Derechos Pecuniarios | Habeas Data | Reglamento Biblioteca


Compartir

YouTube | Twitter | Facebook | LinkedIn


Comunícate con nosotros:

Admisiones: 60-1-7950000
Atención al cliente: 60-1-4005700